[Event "CCCSA GM Norm A 2019"]
[Site "Charlotte"]
[Date "2019.06.08"]
[Round "5.3"]
[White "Korley, Kassa"]
[Black "Zierk, Steven"]
[Result "0-1"]
[WhiteElo "2430"]
[BlackElo "2501"]
[Annotator "RC"]
[PlyCount "118"]
[EventDate "2019.06.05"]
[EventType "tourn"]
[EventCountry "USA"]
[SourceTitle "playchess.com"]
[Source "ChessBase"]
[SourceQuality "1"]
[TimeControl "5400+30"]

1. Nf3 {[%emt 1:30:30]} d5 {[%emt 0:00:00]} 2. g3 {[%emt 0:00:00]} Nf6 {[%emt 0:00:00]} 3. Bg2 {[%emt 0:00:00]} c6 {[%emt 0:00:15]} 4. O-O {[%emt 0:00:00]} Bf5 {[%emt 0:00:13]} 5. d3 {[%emt 0:00:00]} h6 {[%emt 0:00:23]} 6. c4 {[%emt 0:00:00]} e6 {[%emt 0:02:49]} 7. Qb3 {[%emt 0:00:00]} Qb6 {[%emt 0:00:27]} 8. Be3 {[%emt 0:00:00]} Qxb3 {[%emt 0:00:54]} 9. axb3 {[%emt 0:00:00]} a6 {[%emt 0:00:33]} 10. h3 {[%emt 0:00:00]} Nbd7 {[%emt 0:01:13]} 11. Nd4 {[%emt 0:00:00]} Bh7 {[%emt 0:01:33]} 12. f4 {[%emt 0:00:00]} Bd6 {[%emt 0:05:47]} 13. Bf2 {[%emt 0:00:00]} O-O {[%emt 0:07:28]} 14. Nc3 {[%emt 0:00:00]} Rfe8 {[%emt 0:12:56]} 15. cxd5 {[%emt 0:00:00]} exd5 {[%emt 0:02:22]} 16. Bf3 {[%emt 0:00:00]} g5 {[%emt 0:02:18]} 17. fxg5 {[%emt 0:00:00]} hxg5 {[%emt 0:00:01]} 18. Kg2 {[%emt 0:00:00]} Ne5 {[%emt 0:02:42]} 19. Nc2 {[%emt 0:00:00]} g4 {[%emt 0:04:50]} 20. hxg4 {[%emt 0:00:00]} Nfxg4 {[%emt 0:00:13]} 21. Bxg4 {[%emt 0:00:00]} Nxg4 {[%emt 0:00:04]} 22. Bb6 {[%emt 0:00:00]} Re5 {[%emt 0:05:13]} 23. Ra4 {[%emt 0:00:00]} Rg5 {[%emt 0:02:44]} 24. Rh1 {[%emt 0:00:00]} Re8 {[%emt 0:05:21]} 25. Rh4 {[%emt 0:00:00]} Nf6 {[%emt 0:02:10]} 26. Bf2 {[%emt 0:00:00]} c5 {[%emt 0:01:58]} 27. Ra5 {[%emt 0:00:00]} Bf5 {[%emt 0:10:21]} 28. Rxc5 {[%emt 0:00:00]} Bxc5 {[%emt 0:01:41]} 29. Bxc5 {[%emt 0:00:00]} Rh5 {[%emt 0:02:55]} 30. Rxh5 {[%emt 0:00:00]} Nxh5 {[%emt 0:00:04]} 31. Ne3 {[%emt 0:00:00]} Be6 {[%emt 0:00:37]} 32. Kf3 {[%emt 0:00:00]} Rd8 {[%emt 0:01:17]} 33. Bd4 {[%emt 0:00:00]} Kh7 {[%emt 0:00:59]} 34. Na4 {[%emt 0:00:00]} Kg6 {[%emt 0:04:55]} 35. Nc5 {[%emt 0:00:00]} Bc8 {[%emt 0:00:30]} 36. b4 {[%emt 0:00:00]} Ng7 {[%emt 0:01:17]} 37. Be5 {[%emt 0:00:00]} Ne6 {[%emt 0:00:46]} 38. Nxe6 {[%emt 0:00:00]} Bxe6 {[%emt 0:00:15]} 39. Nc2 {[%emt 0:00:00]} Re8 {[%emt 0:00:39]} 40. Bc3 {[%emt 0:00:00]} Kh5 {[%emt 0:01:16]} 41. Ne3 {[%emt 0:00:00]} Kg5 {[%emt 0:00:27]} 42. Bd2 {[%emt 0:00:00]} Kg6 {[%emt 0:00:31]} 43. Bc3 {[%emt 0:00:00]} Kh5 {[%emt 0:01:43]} 44. Kf4 {[%emt 0:00:00]} Kg6 {[%emt 0:00:53]} 45. Nc2 {[%emt 0:00:00]} f6 {[%emt 0:01:18]} 46. Nd4 {[%emt 0:00:00]} Bd7 {[%emt 0:00:26]} 47. Kf3 {[%emt 0:00:00]} Kh5 {[%emt 0:00:37]} 48. Kf4 {[%emt 0:00:00]} Bg4 {[%emt 0:03:05]} 49. e3 {[%emt 0:00:00]} Bh3 {[%emt 0:01:05]} 50. Nb3 {[%emt 0:00:00]} Kg6 {[%emt 0:01:09]} 51. Nc5 {[%emt 0:00:00]} Bg2 {[%emt 0:03:26]} 52. g4 {[%emt 0:00:00]} Re7 {[%emt 0:00:44]} 53. Kg3 {[%emt 0:00:00]} Bf1 {[%emt 0:00:29]} 54. Kf2 {[%emt 0:00:00]} Bh3 {[%emt 0:00:38]} 55. e4 {[%emt 0:00:00]} b6 {[%emt 0:02:42]} 56. exd5 {[%emt 0:00:00]} bxc5 {[%emt 0:00:05]} 57. d6 {[%emt 0:00:00]} Re8 {[%emt 0:03:37]} 58. bxc5 {[%emt 0:00:00]} Bxg4 {[%emt 0:00:03]} 59. c6 {[%emt 0:00:00]} Rc8 {[%emt 0:00:39]} 0-1

[Event "CCCSA GM Norm A 2019"]
[Site "Charlotte"]
[Date "2019.06.08"]
[Round "5.4"]
[White "Grigoryan, Karen H."]
[Black "Hong, Andrew"]
[Result "1-0"]
[WhiteElo "2547"]
[BlackElo "2414"]
[Annotator "TA"]
[PlyCount "69"]
[EventDate "2019.06.05"]
[EventType "tourn"]
[EventCountry "USA"]
[SourceTitle "playchess.com"]
[Source "ChessBase"]
[SourceQuality "1"]

{[%evp 15,69,0,2,0,14,0,0,0,7,0,0,0,23,16,31,39,34,29,56,55,55,27,58,28,36,31,31,19,69,83,91,85,433,429,412,403,396,379,544,389,347,334,293,150,154,154,110,120,757,730,722,722,1309,1307,1011,-29992]} 1. e4 c5 2. Nf3 d6 3. d4 cxd4 4. Nxd4 Nf6 5. Nc3 a6 6. Be2 e5 7. Nf3 Be7 8. O-O O-O 9. Be3 {B92: Sicilian Najdorf: 6 Be2} (9. Bg5 Be6 10. Bxf6 Bxf6 11. Nd5 Nd7 12. Bc4 b5 13. Bb3 Nc5 14. Re1 Be7 15. h3 Re8 16. c3 Bf8 17. Bc2 h6 18. Nh2 Rb8 {½-½ (57) Fedorchuk,S (2566)-Bijaoui,M (2427) Le Port Marly 2019}) 9... b6 {[%cal Bb7b6,Bb6b5,Bb5b4][%mdl 32]} 10. Nd2 $146 ({Predecessor:} 10. Qd3 Qc7 11. Nd2 Bb7 12. Bf3 Nbd7 13. Nb3 b5 14. a3 Rad8 15. Rad1 Nb6 16. Na5 Ba8 {0-1 (25) Keen,M-Forkes,D IECG email 1995}) 10... b5 11. a4 {The position is equal.} b4 12. Nd5 Nxd5 13. exd5 a5 14. Bb5 Bg5 15. Bxg5 Qxg5 16. Nc4 Qd8 17. f4 $36 {[%mdl 2048] White has some pressure.} Nd7 18. Kh1 Nb6 19. fxe5 Nxc4 20. Bxc4 dxe5 21. d6 {And now Rxf7! would win.} Bb7 22. c3 Rc8 23. Bd5 Ba6 $2 {[%mdl 8192] [#]} (23... Bc6 $16 {is more resistant.}) 24. Rxf7 $1 $18 {[%mdl 512]} Rxf7 25. Bxf7+ Kxf7 26. Qd5+ {[%mdl 64] Double Attack} Ke8 (26... Kf8 $142 27. d7 Rc7 28. Qd6+ {[%mdl 64] Double Attack} Kf7 29. Qxa6 Qxd7) 27. Qe6+ Kf8 {Strongly threatening ...Qf6.} 28. d7 Ra8 29. c4 (29. cxb4 $18 {b5 is the strong threat.} axb4 30. Qd5) 29... Qf6 $16 {[#]} 30. Qd5 $1 {[%csl LRa5,LRa8][%mdl 576] Double Attack} Rd8 {[#]} 31. Re1 $1 Bxc4 $2 {[%mdl 8192]} (31... g6 $16) 32. Qxc4 $18 {White is clearly winning.} Ke7 33. Rf1 Qg6 34. Qh4+ Qf6 35. Rf2 $4 {[%mdl 40960] Accuracy: White = 59%, Black = 28%. . Loss on time!?} (35. Rxf6 $18 gxf6 36. Qxh7+ Kd6 37. Qf7) 1-0

[Event "CCCSA GM Norm A 2019"]
[Site "Charlotte"]
[Date "2019.06.08"]
[Round "5.5"]
[White "Wang, Tianqi"]
[Black "Gauri, Shankar"]
[Result "1/2-1/2"]
[WhiteElo "2333"]
[BlackElo "2378"]
[Annotator "TA"]
[PlyCount "98"]
[EventDate "2019.06.05"]
[EventType "tourn"]
[EventCountry "USA"]
[SourceTitle "playchess.com"]
[Source "ChessBase"]
[SourceQuality "1"]

{[%evp 10,98,11,-4,-6,-12,12,14,77,71,103,62,77,65,64,-17,-14,-17,-18,-12,-15,-6,-14,-16,-13,-41,-12,-19,-13,-19,-14,-15,-24,-61,-55,-48,-56,-69,-67,-75,-54,-77,-38,-52,-54,-104,-104,-125,-112,-108,-101,-100,-88,-131,-132,-132,-139,-118,-131,-134,-138,-112,-66,-103,-87,-76,-83,-86,-78,-91,-75,-79,-60,-96,-103,-91,-91,-97,0,0,0,0,0,0,0,0,0,0,10,8,8]} 1. d4 Nf6 2. c4 e6 3. g3 c5 4. Nf3 cxd4 5. Nxd4 Qc7 6. Bg2 Qxc4 {A32: Symmetrical English: 2 Nf3 Nf6 3 d4 cxd4 4 Nxd4 e6} 7. Nc3 (7. O-O Nc6 8. Nc2 Be7 9. Nc3 O-O 10. Bf4 d5 11. Rc1 Rd8 12. Na3 Qb4 13. Nab5 e5 14. Bg5 {0-1 (23) Wang,Y (2720)-Ivanchuk,V (2704) Beijing 2014}) 7... d5 8. O-O Bb4 {[#]} (8... Na6 $11) 9. Ncb5 $146 {[%mdl 1024] Hoping for Bd2. White has strong compensation.} ({Predecessor:} 9. Bf4 Bxc3 10. Rc1 Nc6 11. Nxc6 Qxc6 12. Rxc3 Qb6 13. Be5 O-O 14. Bxf6 gxf6 {0-1 (56) Martynov,P (2352)-Usmanov,V (2392) St Petersburg 2014}) 9... a6 10. b3 Qc5 11. a3 Ba5 $1 12. Bf4 (12. b4 $14 Qe7 13. bxa5 axb5 14. Nxb5) 12... axb5 $11 13. Rc1 $1 {[%cal Rc1c5]} (13. b4 Qe7 $17) 13... Bc3 14. b4 Qb6 $1 ({Much weaker is} 14... Qc4 {[#]} 15. Rxc3 $1 {[%mdl 512]} Qxc3 16. Nxb5 $16) 15. Rxc3 O-O 16. Bc7 Qa6 17. Qd2 Nbd7 {[%cal Bb8d7,Bd7b6,Bb6c4][%mdl 32]} 18. Qd3 Nb6 19. Qxb5 Nc4 20. Qxa6 Rxa6 21. Nc2 Bd7 22. Bf4 Rc8 23. Ra1 h6 24. Ne1 e5 25. Bc1 Ne4 26. Rd3 {Threatens to win with Bxe4.} Be6 27. f3 Ned6 28. Rd1 Nb5 $36 {[%mdl 2048] ...Nc3 is the strong threat. Black is on the roll.} 29. Nd3 Nc3 30. Re1 b6 31. e3 f6 32. Bf1 Ra7 33. f4 Rca8 34. fxe5 fxe5 35. Nf2 b5 36. Nd3 g5 37. Nc5 Bg4 38. h3 Bf3 39. Bxc4 dxc4 40. Bb2 Ne4 {aiming for ...c3.} 41. Nxe4 Bxe4 42. Rf1 Rc8 {And now ...c3 would win.} 43. Bc3 Rf7 (43... Re8 $17) 44. Rxf7 {The position is equal.} Kxf7 {KRB-KRB} 45. a4 bxa4 46. Rxa4 Rd8 {next ...Rd3 is good for Black.} 47. b5 Rd1+ 48. Kf2 Bd5 49. e4 Bxe4 {Accuracy: White = 61%, Black = 66%.} 1/2-1/2

[Event "CCCSA GM Norm A 2019"]
[Site "Charlotte"]
[Date "2019.06.08"]
[Round "6.2"]
[White "Hong, Andrew"]
[Black "Wang, Tianqi"]
[Result "1/2-1/2"]
[WhiteElo "2414"]
[BlackElo "2333"]
[Annotator "ChessBase"]
[PlyCount "114"]
[EventDate "2019.06.05"]
[EventType "tourn"]
[EventCountry "USA"]
[SourceTitle "playchess.com"]
[Source "ChessBase"]
[SourceQuality "1"]
[TimeControl "5400+30"]

1. e4 {[%emt 0:00:38]} e5 {[%emt 0:00:00]} 2. Nf3 {[%emt 0:00:44]} Nc6 {[%emt 0:00:00]} 3. Bc4 {[%emt 0:00:45]} Bc5 {[%emt 0:00:00]} 4. O-O {[%emt 0:00:10]} Nf6 {[%emt 0:00:00]} 5. d3 {[%emt 0:00:26]} d6 {[%emt 0:00:00]} 6. c3 {[%emt 0:00:32]} O-O {[%emt 0:00:22]} 7. h3 {[%emt 0:00:52]} a6 {[%emt 0:00:22]} 8. Re1 {[%emt 0:00:35]} Ba7 {[%emt 0:00:18]} 9. Bb3 {[%emt 0:00:30]} Ne7 {[%emt 0:00:21]} 10. Nbd2 {[%emt 0:02:02]} Ng6 {[%emt 0:00:14]} 11. Nf1 {[%emt 0:00:31]} c6 {[%emt 0:01:20]} 12. Ng3 {[%emt 0:04:50]} d5 {[%emt 0:02:00]} 13. exd5 {[%emt 0:09:28]} Nxd5 {[%emt 0:00:09]} 14. d4 {[%emt 0:01:07]} exd4 {[%emt 0:00:44]} 15. Nxd4 {[%emt 0:00:27]} Bb6 {[%emt 0:05:47]} 16. Ndf5 {[%emt 0:21:23]} Be6 {[%emt 0:00:59]} 17. Bc2 {[%emt 0:10:26]} Qc7 {[%emt 0:12:22]} 18. Bg5 {[%emt 0:14:28]} Rae8 {[%emt 0:05:37]} 19. Qg4 {[%emt 0:14:29]} Ne5 {[%emt 0:11:23]} 20. Qe4 {[%emt 0:07:35]} Bxf5 {[%emt 0:10:22]} 21. Nxf5 {[%emt 0:01:57]} g6 {[%emt 0:00:15]} 22. Nd4 {[%emt 0:02:02]} Nc4 {[%emt 0:06:20]} 23. Qxe8 {[%emt 0:01:37]} Rxe8 {[%emt 0:00:04]} 24. Rxe8+ {[%emt 0:00:08]} Kg7 {[%emt 0:00:01]} 25. Rae1 {[%emt 0:01:54]} Bxd4 {[%emt 0:00:52]} 26. cxd4 {[%emt 0:00:19]} Nxb2 {[%emt 0:02:18]} 27. Ra8 {[%emt 0:01:26]} h6 {[%emt 0:02:14]} 28. Bc1 {[%emt 0:01:24]} Nc4 {[%emt 0:00:14]} 29. Bb3 {[%emt 0:00:36]} Ncb6 {[%emt 0:02:08]} 30. Rae8 {[%emt 0:00:07]} a5 {[%emt 0:00:19]} 31. Ba3 {[%emt 0:00:53]} a4 {[%emt 0:07:22]} 32. Bd1 {[%emt 0:00:01]} Qf4 {[%emt 0:00:26]} 33. Bf3 {[%emt 0:01:14]} Qd2 {[%emt 0:00:53]} 34. Bd6 {[%emt 0:00:44]} Nc4 {[%emt 0:03:21]} 35. Bf8+ {[%emt 0:00:27]} Kf6 {[%emt 0:04:15]} 36. Rd1 {[%emt 0:00:41]} Qxa2 {[%emt 0:00:39]} 37. Bxh6 {[%emt 0:00:27]} Qb3 {[%emt 0:00:51]} 38. Rde1 {[%emt 0:00:31]} Nd6 {[%emt 0:00:54]} 39. Rd8 {[%emt 0:00:32]} Nf5 {[%emt 0:00:14]} 40. Bxd5 {[%emt 0:00:27]} cxd5 {[%emt 0:00:22]} 41. Bf4 {[%emt 0:00:15]} Ng7 {[%emt 0:19:46]} 42. Rd7 {[%emt 0:00:14]} g5 {[%emt 0:00:51]} 43. Ree7 {[%emt 0:01:01]} gxf4 {[%emt 0:01:43]} 44. Rxf7+ {[%emt 0:00:08]} Ke6 {[%emt 0:00:07]} 45. Rxg7 {[%emt 0:00:45]} Qd1+ {[%emt 0:01:57]} 46. Kh2 {[%emt 0:00:01]} Qxd4 {[%emt 0:00:15]} 47. Rxb7 {[%emt 0:00:51]} Qxf2 {[%emt 0:01:24]} 48. Ra7 {[%emt 0:00:39]} Qc2 {[%emt 0:00:50]} 49. Rgc7 {[%emt 0:00:35]} Qb3 {[%emt 0:00:19]} 50. Rc6+ {[%emt 0:00:32]} Ke5 {[%emt 0:00:09]} 51. Rca6 {[%emt 0:00:29]} Qg3+ {[%emt 0:00:42]} 52. Kg1 {[%emt 0:00:29]} Qe1+ {[%emt 0:00:08]} 53. Kh2 {[%emt 0:00:03]} Qg3+ {[%emt 0:00:02]} 54. Kg1 {[%emt 0:00:54]} f3 {[%emt 0:00:10]} 55. Re7+ {[%emt 0:00:04]} Kd4 {[%emt 0:01:34]} 56. Rxa4+ {[%emt 0:00:04]} Kc5 {[%emt 0:00:10]} 57. Rg4 {[%emt 0:00:51]} Qd6 {[%emt 0:00:26]} 1/2-1/2

[Event "CCCSA GM Norm A 2019"]
[Site "Charlotte"]
[Date "2019.06.08"]
[Round "6.3"]
[White "Zierk, Steven"]
[Black "Gauri, Shankar"]
[Result "1-0"]
[WhiteElo "2501"]
[BlackElo "2378"]
[Annotator "ChessBase"]
[PlyCount "57"]
[EventDate "2019.06.05"]
[EventType "tourn"]
[EventCountry "USA"]
[SourceTitle "playchess.com"]
[Source "ChessBase"]
[SourceQuality "1"]
[TimeControl "5400+30"]

1. d4 {[%emt 0:01:12]} Nf6 {[%emt 0:03:29]} 2. c4 {[%emt 0:00:56]} e6 {[%emt 0:00:08]} 3. g3 {[%emt 0:00:07]} Bb4+ {[%emt 0:04:42]} 4. Bd2 {[%emt 0:00:13]} Qe7 {[%emt 0:04:09]} 5. Bg2 {[%emt 0:01:56]} Nc6 {[%emt 0:00:30]} 6. Nf3 {[%emt 0:03:01]} Bxd2+ {[%emt 0:05:04]} 7. Nbxd2 {[%emt 0:00:44]} d6 {[%emt 0:00:15]} 8. O-O {[%emt 0:04:12]} O-O {[%emt 0:05:58]} 9. a3 {[%emt 0:05:59]} a5 {[%emt 0:05:09]} 10. e4 {[%emt 0:05:57]} e5 {[%emt 0:00:23]} 11. d5 {[%emt 0:00:10]} Nb8 {[%emt 0:00:13]} 12. b4 {[%emt 0:01:11]} Na6 {[%emt 0:00:12]} 13. Qb3 {[%emt 0:03:26]} Bg4 {[%emt 0:04:03]} 14. Rfc1 {[%emt 0:02:12]} c6 {[%emt 0:04:23]} 15. dxc6 {[%emt 0:11:20]} bxc6 {[%emt 0:00:09]} 16. c5 {[%emt 0:01:34]} dxc5 {[%emt 0:28:07]} 17. bxa5 {[%emt 0:00:25]} Bxf3 {[%emt 0:05:55]} 18. Nxf3 {[%emt 0:03:27]} Nc7 {[%emt 0:05:47]} 19. Qb6 {[%emt 0:04:12]} Nxe4 {[%emt 0:03:49]} 20. Qxc6 {[%emt 0:01:28]} f5 {[%emt 0:00:51]} 21. Nh4 {[%emt 0:01:32]} Rxa5 {[%emt 0:07:27]} 22. Nxf5 {[%emt 0:01:34]} Rxf5 {[%emt 0:00:02]} 23. Qxe4 {[%emt 0:00:43]} Qf8 {[%emt 0:02:31]} 24. Rd1 {[%emt 0:05:17]} Rxf2 {[%emt 0:05:26]} 25. Rd7 {[%emt 0:02:54]} Ne8 {[%emt 0:01:41]} 26. Qxe5 {[%emt 0:06:28]} Rc2 {[%emt 0:01:25]} 27. Bd5+ {[%emt 0:00:40]} Kh8 {[%emt 0:00:01]} 28. Rf7 {[%emt 0:00:16]} Qg8 {[%emt 0:00:02]} 29. Re7 {[%emt 0:00:28]} 1-0

[Event "CCCSA GM Norm A 2019"]
[Site "Charlotte"]
[Date "2019.06.08"]
[Round "6.4"]
[White "Ostrovskiy, Aleksandr"]
[Black "Jacobson, Brandon"]
[Result "1-0"]
[WhiteElo "2437"]
[BlackElo "2486"]
[Annotator "ChessBase"]
[PlyCount "65"]
[EventDate "2019.06.05"]
[EventType "tourn"]
[EventCountry "USA"]
[SourceTitle "playchess.com"]
[Source "ChessBase"]
[SourceQuality "1"]
[TimeControl "5400+30"]

1. e4 {[%emt 0:08:01]} c6 {[%emt 0:01:39]} 2. d4 {[%emt 0:00:05]} d5 {[%emt 0:00:05]} 3. exd5 {[%emt 0:04:57]} cxd5 {[%emt 0:00:07]} 4. Bd3 {[%emt 0:00:03]} Nc6 {[%emt 0:00:05]} 5. c3 {[%emt 0:00:06]} Qc7 {[%emt 0:00:29]} 6. Ne2 {[%emt 0:02:01]} Bg4 {[%emt 0:00:25]} 7. O-O {[%emt 0:00:17]} e6 {[%emt 0:01:50]} 8. Qe1 {[%emt 0:00:38]} Be7 {[%emt 0:00:33]} 9. Ng3 {[%emt 0:13:34]} g6 {[%emt 0:09:30]} 10. f3 {[%emt 0:06:42]} Bf5 {[%emt 0:00:13]} 11. Nxf5 {[%emt 0:01:57]} gxf5 {[%emt 0:03:10]} 12. a4 {[%emt 0:06:39]} Bd6 {[%emt 0:27:33]} 13. Qh4 {[%emt 0:05:22]} Nce7 {[%emt 0:03:08]} 14. Na3 {[%emt 0:18:15]} a6 {[%emt 0:01:02]} 15. g3 {[%emt 0:11:22]} Ng6 {[%emt 0:04:22]} 16. Qh3 {[%emt 0:00:29]} h5 {[%emt 0:00:38]} 17. Bg5 {[%emt 0:03:52]} Be7 {[%emt 0:02:00]} 18. Bd2 {[%emt 0:05:19]} Nf6 {[%emt 0:11:25]} 19. Nc2 {[%emt 0:01:05]} O-O-O {[%emt 0:07:48]} 20. Kh1 {[%emt 0:02:28]} Ng4 {[%emt 0:10:24]} 21. fxg4 {[%emt 0:01:55]} hxg4 {[%emt 0:00:09]} 22. Qg2 {[%emt 0:00:07]} Bd6 {[%emt 0:00:25]} 23. Be1 {[%emt 0:04:04]} Rh3 {[%emt 0:00:03]} 24. Ne3 {[%emt 0:01:13]} Nh4 {[%emt 0:09:48]} 25. Qxh3 {[%emt 0:00:07]} gxh3 {[%emt 0:00:01]} 26. gxh4 {[%emt 0:00:01]} Rg8 {[%emt 0:01:21]} 27. Rf3 {[%emt 0:01:44]} Bxh2 {[%emt 0:02:21]} 28. Bf2 {[%emt 0:00:24]} Rg6 {[%emt 0:02:49]} 29. Rxh3 {[%emt 0:00:33]} f4 {[%emt 0:00:33]} 30. Bxg6 {[%emt 0:00:29]} fxe3 {[%emt 0:00:24]} 31. Bxe3 {[%emt 0:00:33]} Bd6 {[%emt 0:00:37]} 32. Bd3 {[%emt 0:00:29]} Qc6 {[%emt 0:00:29]} 33. h5 {[%emt 0:00:33]} 1-0

[Event "CCCSA GM Norm A 2019"]
[Site "Charlotte"]
[Date "2019.06.08"]
[Round "6.5"]
[White "Korley, Kassa"]
[Black "Yoo, Christopher Woojin"]
[Result "1/2-1/2"]
[WhiteElo "2430"]
[BlackElo "2430"]
[Annotator "ChessBase"]
[PlyCount "98"]
[EventDate "2019.06.05"]
[EventType "tourn"]
[EventCountry "USA"]
[SourceTitle "playchess.com"]
[Source "ChessBase"]
[SourceQuality "1"]
[TimeControl "5400+30"]

1. d4 {[%emt 0:02:22]} Nf6 {[%emt 0:00:00]} 2. Bf4 {[%emt 0:00:03]} g6 {[%emt 0:00:00]} 3. e3 {[%emt 0:00:09]} Bg7 {[%emt 0:00:13]} 4. Nf3 {[%emt 0:00:03]} O-O {[%emt 0:00:34]} 5. Be2 {[%emt 0:00:03]} d6 {[%emt 0:00:36]} 6. h3 {[%emt 0:00:06]} b6 {[%emt 0:00:35]} 7. O-O {[%emt 0:00:17]} Bb7 {[%emt 0:00:07]} 8. c3 {[%emt 0:01:31]} Nbd7 {[%emt 0:00:14]} 9. a4 {[%emt 0:00:28]} a5 {[%emt 0:05:18]} 10. Nbd2 {[%emt 1:29:58]} Ne4 {[%emt 0:10:00]} 11. Nxe4 {[%emt 0:00:00]} Bxe4 {[%emt 0:00:04]} 12. Nd2 {[%emt 0:00:00]} Bb7 {[%emt 0:00:25]} 13. Bf3 {[%emt 0:00:00]} Qc8 {[%emt 0:06:14]} 14. Qb3 {[%emt 0:00:00]} e5 {[%emt 0:07:56]} 15. Bg3 {[%emt 0:00:00]} Re8 {[%emt 0:16:54]} 16. Rfd1 {[%emt 0:00:00]} Nf6 {[%emt 0:09:26]} 17. dxe5 {[%emt 0:00:00]} dxe5 {[%emt 0:00:17]} 18. Bxb7 {[%emt 0:00:00]} Qxb7 {[%emt 0:00:03]} 19. Bh4 {[%emt 0:00:00]} Qc6 {[%emt 0:07:56]} 20. Bxf6 {[%emt 0:00:00]} Bxf6 {[%emt 0:00:50]} 21. Qc4 {[%emt 0:00:00]} Re6 {[%emt 0:05:26]} 22. Qxc6 {[%emt 0:00:00]} Rxc6 {[%emt 0:00:05]} 23. Kf1 {[%emt 0:00:00]} Be7 {[%emt 0:03:17]} 24. Ke2 {[%emt 0:00:00]} Rd8 {[%emt 0:03:24]} 25. e4 {[%emt 0:00:00]} f6 {[%emt 0:05:59]} 26. Nf1 {[%emt 0:00:00]} Rxd1 {[%emt 0:03:43]} 27. Kxd1 {[%emt 0:00:00]} f5 {[%emt 0:03:34]} 28. Ke2 {[%emt 0:00:00]} Kf7 {[%emt 0:01:42]} 29. exf5 {[%emt 0:00:00]} gxf5 {[%emt 0:00:06]} 30. Ne3 {[%emt 0:00:00]} f4 {[%emt 0:07:41]} 31. Nf1 {[%emt 0:00:00]} Rg6 {[%emt 0:02:11]} 32. g3 {[%emt 0:00:00]} Rh6 {[%emt 0:00:35]} 33. h4 {[%emt 0:00:00]} fxg3 {[%emt 0:00:28]} 34. fxg3 {[%emt 0:00:00]} Rg6 {[%emt 0:00:31]} 35. Kf3 {[%emt 0:00:00]} Rf6+ {[%emt 0:00:31]} 36. Ke2 {[%emt 0:00:00]} Rg6 {[%emt 0:00:32]} 37. Rd1 {[%emt 0:00:00]} Ke6 {[%emt 0:00:22]} 38. b3 {[%emt 0:00:00]} e4 {[%emt 0:00:34]} 39. Rd4 {[%emt 0:00:00]} Kf5 {[%emt 0:00:34]} 40. Ne3+ {[%emt 0:00:00]} Ke5 {[%emt 0:00:14]} 41. Rd7 {[%emt 0:00:00]} Bc5 {[%emt 0:00:35]} 42. Nf1 {[%emt 0:00:00]} Rf6 {[%emt 0:00:40]} 43. Rxh7 {[%emt 0:00:00]} Rf2+ {[%emt 0:00:10]} 44. Ke1 {[%emt 0:00:00]} Ra2 {[%emt 0:00:38]} 45. Rh5+ {[%emt 0:00:00]} Ke6 {[%emt 0:00:42]} 46. Nd2 {[%emt 0:00:00]} Ra1+ {[%emt 0:00:13]} 47. Ke2 {[%emt 0:00:00]} Ra2 {[%emt 0:00:06]} 48. Ke1 {[%emt 0:00:00]} Ra1+ {[%emt 0:00:07]} 49. Ke2 {[%emt 0:00:00]} Ra2 {[%emt 0:00:09]} 1/2-1/2

[Event "CCCSA GM Norm A 2019"]
[Site "Charlotte"]
[Date "2019.06.09"]
[Round "7.1"]
[White "Wang, Tianqi"]
[Black "Ringoir, Tanguy"]
[Result "1/2-1/2"]
[WhiteElo "2333"]
[BlackElo "2500"]
[Annotator "TA"]
[PlyCount "35"]
[EventDate "2019.06.05"]
[EventType "tourn"]
[EventCountry "USA"]
[SourceTitle "playchess.com"]
[Source "ChessBase"]
[SourceQuality "1"]

{[%evp 20,35,22,8,28,0,0,0,0,0,-1,-6,-4,-5,0,0,0,0]} 1. d4 Nf6 2. c4 e6 3. Nf3 ({Predecessor:} 3. Nc3 Bb4 4. Nf3 {½-½ (17) Matlakov,M (2709)-Dubov,D (2694) Moscow 2018}) 3... d5 4. Nc3 Bb4 5. Bg5 h6 6. Bxf6 Qxf6 7. e3 O-O 8. Rc1 dxc4 9. Bxc4 c5 10. O-O cxd4 11. Nxd4 Bd7 {D38: Queen's Gambit Declined: Ragozin Defence (4 Nf3 Bb4)} 12. Qb3 Nc6 {The position is equal.} 13. Nxc6 Bxc3 $1 {[#]} 14. Rxc3 $146 (14. Qxc3 Bxc6 15. Qxf6 gxf6 16. Rfd1 Rfd8 17. f3 f5 18. Kf2 Kg7 19. Be2 {½-½ (26) Ding,L (2812)-Giri,A (2797) Shamkir 2019}) 14... Bxc6 15. Bb5 Bd5 16. Bc4 Bc6 17. Bb5 Bd5 18. Bc4 1/2-1/2